000 00394nam a2200157Ia 4500
008 220216s9999 xx 000 0 und d
100 _aStone C R
245 0 _aAdditives and peptisers their use in NR
260 _bRubber Technology International
_c1998
300 _a59-63
500 _aSource Year: 1999
700 _aHensel M
700 _aMenting K H
856 _uIRRDB
942 _cJS
999 _c53798
_d53798